Wszyscy piłkarze Widzewa Łódź 24/25 - Statystyki

Ogólne statystyki
  • Ten quiz został rozwiązany 133 razy
  • Średni wynik to 18 z 26
Statystyki odpowiedzi
Pozycja Piłkarz % Poprawnych
Bramkarz Gikiewicz
99%
Środkowy Obrońca Żyro
90%
Środkowy Napastnik Rondić
82%
Środkowy Obrońca Ibiza
78%
Ofensywny pomocnik Pawłowski
78%
Defensywny pomocnik Hanousek
77%
Ofensywny pomocnik Álvarez
75%
Bramkarz Krzywański
75%
Defensywny pomocnik Shehu
74%
Prawy Obrońca Krajewski
73%
Środkowy Obrońca Silva
72%
Bramkarz Biegański
71%
Środkowy Napastnik Sobol
70%
Prawy Napastnik Gong
69%
Środkowy Napastnik Hamulić
69%
Lewy Napastnik Cybulski
68%
Prawy Napastnik Sypek
67%
Prawy Obrońca Kastrati
64%
Ofensywny pomocnik Kerk
63%
Lewy Obrońca Kozlovský
59%
Lewy Napastnik Nunes
57%
Środkowy Obrońca Kwiatkowski
56%
Lewy Napastnik Klimek
51%
Ofensywny pomocnik Łukowski
49%
Defensywny pomocnik Diliberto
41%
Środkowy Obrońca Hajrizi
40%
Nie znaleziono quizów pasujących do podanych kryteriów
Rozkład punktacji
Procent ludzi z każdym wynikiem
Percentyl według liczby udzielonych odpowiedzi
Twoja historia wyników
Nie rozwiązałeś tego quizu